000 00475nam a22001697a 4500
003 NUST - PNEC
005 20170116180834.0
008 150803b xxu||||| |||| 00| 0 eng d
020 _a-
040 _cLIBRARY
082 _a311 MCC
100 _94838
_aMcCollough, Celeste
245 _aIntroduction to descriptive statistics and correlation; a program for self-instruction
_cCeleste McCollough
260 _cc1965.
648 _94839
_aStatistics
_xMIS
942 _2ddc
_cBK
999 _c64141
_d64141